All Mother Mother Songs - Statistics

General Stats
  • This quiz has been taken 5 times
  • The average score is 42 of 157
Answer Stats
Answer % Correct
Hayloft
75%
Hayloft II
75%
Hayloft II (SMASHUP)
75%
Oh Ana
75%
Problems
75%
Touch Up
75%
Body
50%
Explode!
50%
FINGER
50%
Grief Chapter
50%
I Go Hungry
50%
Inside
50%
Let's Fall In Love
50%
Love to Death
50%
No Culture
50%
Nostalgia
50%
O My Heart
50%
The Sticks
50%
Verbatim
50%
All Gone
25%
All the Dying
25%
Alone and Sublime
25%
Angry Sea
25%
Arms Tonite
25%
Aspiring Fires
25%
Baby Boy
25%
Baby Don't Dance
25%
Back In School
25%
Back to life
25%
Ball Cap
25%
Better of Me
25%
Bit By Bit
25%
Biting on a Rose
25%
Body of Years
25%
Born In A Flash
25%
Bottom is a rock
25%
Breathe
25%
Burning Pile
25%
Business Man
25%
Calm Me Down
25%
Carve a Name
25%
Cesspool of Love
25%
Chasing it Down
25%
Conversations
25%
Cut the String
25%
Dance and Cry
25%
Days
25%
Dirty Devil Town
25%
Dirty Town
25%
Dread In My Heart
25%
Empty Hands
25%
End of Me
25%
Everything is Happening
25%
Family
25%
Far In Time
25%
Fat Kids
25%
Forever
25%
Forgotten Souls
25%
Free
25%
Frying Pan
25%
Getaway
25%
Get Out The Way
25%
Get Up
25%
Ghosting
25%
Girl Alone
25%
Give me back the night
25%
Goddamn Staying Power
25%
God's Plan
25%
Good At Loving You
25%
Had It All
25%
Happy
25%
Have It Out
25%
Head Shrink
25%
I Got Love
25%
I Must Cry Out Loud
25%
Infinitesimal
25%
Insane
25%
In The Wings
25%
It's Alright
25%
Jump the Fence
25%
Keep
25%
Kept Down
25%
Latter Days
25%
Legs Away
25%
Letter
25%
Life
25%
Like a Child
25%
Little Hands
25%
little mistake
25%
Little Pistol
25%
Love and Truth
25%
Love It Dissipates
25%
Love Stuck
25%
Make Believe
25%
Mano a Mano
25%
Me & You
25%
Miles
25%
Modern Love
25%
Monkey Tree
25%
Mouth of the Devil
25%
Namaste
25%
Neighbour
25%
Nobody Escapes
25%
No One to Nothing
25%
Normalize
25%
Omen
25%
ON AND ON
25%
Only love
25%
Original Spin
25%
Polynesia
25%
Pure Love
25%
Reaper Man
25%
Seven
25%
Shout If You Know
25%
Sick of the Silence
25%
Simply Simple
25%
Sleep Awake
25%
So Down
25%
Station Wagon
25%
Stay Behind
25%
The Cry Forum
25%
The Drugs
25%
The Knack
25%
The Matrix
25%
The Stand
25%
Tic Toc
25%
To My Heart
25%
To Regret
25%
To The Wild
25%
Train of Thought
25%
Try To Change
25%
Turpentine
25%
Two
25%
Until It Doesn't Hurt
25%
Very Good Bad Thing
25%
Waiting for the world to end
25%
Weep
25%
Wisdom
25%
Worry
25%
Wrecking Ball
25%
Babies
0%
Bright Idea
0%
Cry Christmas
0%
Devil Town
0%
Forever and a Bit
0%
Have Yourself A Merry Little Christmas
0%
Heart Heavy
0%
Home Recording
0%
HOT TO GO
0%
Intro
0%
Mamma Told Me
0%
Oleader
0%
Play
0%
Salt And Pepper Shaker
0%
Silent Night
0%
Slip Away
0%
No matching quizzes found
Score Distribution
Percent of People with Each Score
Percentile by Number Answered
Your Score History
You have not taken this quiz